Plan de rehabilitacion integral del centro historico del Cusco : | Proyecto : (Record no. 15935)

000 -CABECERA
fixed length control field 01148nam a22002417a 4500
003 - IDENTIFICADOR DEL NÚMERO DE CONTROL
control field AR-CdUCM
008 - DATOS DE LONGITUD FIJA--INFORMACIÓN GENERAL
fixed length control field 190430b ||||| |||| 00| 0 spa d
040 ## - FUENTE DE LA CATALOGACIÓN
Agencia/entidad que catalogó originalmente la obra MUNICIPALIDAD PROVINCIAL DEL CUSCO
Entidad que transcribió la catalogación BIBLIOTECA MUNICIPAL DEL CUSCO
082 ## - NÚMERO DE LA CLASIFICACIÓN DECIMAL DEWEY
No. de Clasificación 770 /
Notacion interna P964
100 ## - ENTRADA PRINCIPAL--NOMBRE DE PERSONA
Nombre Personal Valencia Miranda, carlos
110 ## - ENTRADA PRINCIPAL--NOMBRE DE ENTIDAD CORPORATIVA
Nombre de la institución, jurisdicción como entrada principal Oficina del centro histórico de Cusco
-- Programa de cooperación hispano peruano
9 (RLIN) 35180
245 ## - MENCIÓN DE TÍTULO
Título Plan de rehabilitacion integral del centro historico del Cusco :
-- Proyecto :
Resto del título Registro fotográfico del centro histórico de Cusco /
260 ## - PUBLICACIÓN, DISTRIBUCIÓN, ETC.
Lugar de publicación, distribución, etc. Cusco :
Fecha de publicación, distribución, etc. 2003.
300 ## - DESCRIPCIÓN FÍSICA
Nº de Páginas Extensión 157 páginas ;
Otros detalles físicos Fotografías, Cuadros informativos,
Dimensiones 22 cm.
505 ## - NOTA DE CONTENIDO CON FORMATO
Nota de contenido formateada Contenido: t.1: Registro fotográfico del centro historico de Cusco -- t.2: Sector 10 -- t.3: Sector 11 -- t.4: Sector 11 -- t.5: Sector 13.
650 ## - PUNTO DE ACCESO ADICIONAL DE MATERIA--TÉRMINO DE MATERIA
Descriptor Cusco
9 (RLIN) 772
650 ## - PUNTO DE ACCESO ADICIONAL DE MATERIA--TÉRMINO DE MATERIA
Descriptor Registro fotográfico
9 (RLIN) 21030
650 ## - PUNTO DE ACCESO ADICIONAL DE MATERIA--TÉRMINO DE MATERIA
Descriptor Centro histórico del Cusco
9 (RLIN) 2015
700 ## - PUNTO DE ACCESO ADICIONAL--NOMBRE DE PERSONA
Nombre Personal Olivera Aguirre, Maria luz (coordinadores del registro)
9 (RLIN) 35181
700 ## - PUNTO DE ACCESO ADICIONAL--NOMBRE DE PERSONA
Nombre Personal Zecenarro Benavente, Gérman (coordinadores del registro)
9 (RLIN) 35182
942 ## - ELEMENTOS DE PUNTO DE ACCESO ADICIONAL (KOHA)
Fuente de clasificación
Tipo de item Libros-BMC
945 ## - PROCESAMIENTO DE INFORMACIÓN LOCAL (OCLC)
Catalogador davv
AAAA-MM-DD - Fecha de ingreso o modificacion 30/04/2019
Holdings
Estado de retiro (separado) Fuente de clasificación o esquema de estanterías Estado dañado Ubicación Sala donde se ubica Nombre de la colección Fecha de adquisición o compra Costo, precio normal en soles Signatura topográfica Código de Barras Última vez visto (Koha) Tipo de ítem (Koha)
No     Sala Cusco Antiguo Sala Cusco Antiguo Book Cart 2019-04-30 100.00 770 / P964 / t.1 SCA0003184 2019-04-30 Libros-BMC
No     Sala Cusco Antiguo Sala Cusco Antiguo Book Cart 2019-04-30 100.00 770 / P964 / t.2 SCA0003185 2019-04-30 Libros-BMC
No     Sala Cusco Antiguo Sala Cusco Antiguo Book Cart 2019-04-30 100.00 770 / P964 / t.3 SCA0003186 2019-04-30 Libros-BMC
No     Sala Cusco Antiguo Sala Cusco Antiguo Book Cart 2019-04-30 100.00 770 / P964 / t.4 SCA0003473 2019-04-30 Libros-BMC
No     Sala Cusco Antiguo Sala Cusco Antiguo Book Cart 2019-04-30 100.00 770 / P964 / t.5 SCA0003474 2019-04-30 Libros-BMC

Powered by Koha